000 00560cam a22002171 4500
001 sa 68010881
003 DLC
005 20260227112556.0
008 940604q19671968np 000 1 nepo
010 _asa 68010881
025 _aPL480:N-515
035 _a(OCoLC)30549172
040 _aDLC
_cCU
_dCU
_dDLC
042 _apremarc
050 0 0 _aPK2598.P29
_bA8
100 1 _aParājulī, Kr̥shṇaprasāda,
_d1935-
245 1 0 _aĀn̐khābhīra sapanā, muṭubhīra gīta.
260 _c[1967 or 8]
300 _a8, 100 p.
_c17 cm.
500 _aIn Nepali.
999 _c83607
_d83607